000 01802nam a2200409 c 4500
003 BLK
005 20180420223941.0
008 180408b bul|||||r ||||||| ||bul||
010 _aKNG00077302000
020 _a978-954-685-483-4
_bиздат.: СофтПрес
040 _aBLK
041 _aBUL
_cBUL
080 _aПаметници на културата на историческите периоди. Археологическите паметници. Старини
_b904
_x(560-21)(036)
_z904(560-21)(036)
080 _aЗабавно пътуване. Туризъм - пътуване пеша, с кола, колело, автобус, влак, параход, самолет, изкачване на планина, ездене и др. п.
_b379.85
_x(560-21)(036)
_z379.85(560-21)(036)
700 1 _aХристова, Весела
_eпрев.
_9296122
139 _aДжобен пътеводител Истанбул
_bД 52
245 1 0 _aДжобен пътеводител Истанбул
_cпрев. Весела Христова.
257 _aDEU
260 София
_bСофтПрес
_c2007
300 _a120 с.
_bс ил.
_c21Х12 см
_eк.
380 _a9
500 _aОриг. загл. Insight Guide Istanbul. - Офс. изд.
650 4 _aИстанбул
_9277264
650 4 _aТуризъм - Истанбул - пътеводители
_9296123
651 4 _aИстанбул
_9277264
651 4 _aТурция
_9179691
653 _aИстанбул
653 _aзабележителности
653 _aкултурен туризъм
653 _aистория
653 _aпътеводители
852 _aЦб 235408
856 4 _qpdf
_u
856 4 _qpdf
_u
942 _cKNG
_n0
944 _aCR
_c13.08.2007
_kЛюдмила_Стоянова
944 _aED
_c18.09.2007
_k
999 _c72924
_d72924